00523nam a2200109Ia 4500008004100000050002400041100002800065245018900093260008600282300003300368521001200401140724s9999 xx 000 0 und d aRD 593b.Az997 2010 aAzucena, Maria Paola B. 4aThe effects of the care phrase therapy on the level of anxiety of medical and surgical patients at Las Piñas Doctors Hospital and Medical Center Muntinlupa /cMaria Paola B. Azucena. aLas Piñas, Philippines :bSouthville International School and Colleges,cc2010. a42 p. :bcol. Ill. ;c28 cm. aNursing